| 000 | 00795nam0a22002531 4500 | ||
|---|---|---|---|
| 001 | v19\rc\2095687 | ||
| 005 | 20260408081746.0 | ||
| 035 | _a(NLR Aleph) 005165653 | ||
| 090 |
_a5025204 _c5025204 |
||
| 100 | _a20081218d1915 |||y0rusy50 ca | ||
| 101 | 0 | _arus | |
| 102 | _aRU | ||
| 105 | _ay z ||||| | ||
| 200 | 1 |
_aПамятная записка _fТ-во "Дешевый торф". Петроград |
|
| 210 |
_aПетроград _d[1915] |
||
| 215 | _a[2] с. | ||
| 309 | _aНапеч. на пиш. маш. Литогр. | ||
| 710 | 0 | 2 |
_a"Дешевый торф", товарищество _cПетроград _3RU\NLR\AUTH\8810222207 _9329227 |
| 801 | 0 |
_aRU _bNLR _gpsbo |
|
| 801 | 1 |
_aRU _bProSoft-M _2rusmarc |
|
| 852 |
_aNLR _j37.58.8.62 |
||
| 942 | _cBOOK | ||
| 980 | _aNB | ||